000 01083nam a2200481Ia 4500
001 7996
003 16180
005 20250221062606.0
008 ||||||n9999 ||| || ||
041 _aspa
082 _221
_a378155
100 _aLafourcade, Pedro
_913840
245 0 _aPlaneamiento, conduccion y evaluacion en la ensenanza superior
260 _aBuenos Aires :
_bKapelusz,
_c1974.
300 _a285p
562 _e2
650 0 _aAprendizaje
_9114477
650 0 _aCalidad de la educación
_913482
650 _aCOLOMBIA
_914090
650 0 _aEducación superior
_912027
650 0 _aPolítica educativa
_98689
942 _cBKM
999 _c7996
_d7996
526 _a
526 _a17598
526 _a102617
526 _a102618
526 _a15794
526 _a102619
526 _a1703
526 _a102620
526 _a10406
526 _a105630
526 _a1698
526 _a116204
526 _a51868
526 _a4969
526 _a19790
526 _a104436
526 _a5144
526 _a1697
526 _a3899
526 _a9683